000 01064nam a22003017a 4500
001 7479
003 FISKH
005 20250718145858.0
008 250718b cb ||||| |||| 00| 0 eng d
020 _a0590808052
040 _aFISKH
_beng
_cFISKH
_dFISKH
050 _aPZ7.M71284 B
082 _a940.83170973
100 _aMochizuki, Ken
245 _aBaseball saved us /
_cWritten by Ken Mochizuki : Illustrated by Dom Lee
250 _aFirst Scholastic printing, January 1996
260 _aNew York :
_bScholastic,
_c1993.
300 _a32 unnumbered pages :
_bcolor illustrations ;
_c21 x26 cm .
505 _aM
520 _aA Japanese American boy learns to play baseball when he and his family are forced to live in an internment camp during World War II, and his ability to play helps him after the war is over.
521 8 _a550
_bLexile AD
521 8 _aM
_bRaz-Plus
650 _aInternment camps
_vFiction
650 _aMulticultural
_vFiction
700 _aLee, Dom
_eIllustrator
942 _2ddc
_cBK
_n0
999 _c7479
_d7479